000 00405nam a2200181Ia 4500
001 435
005 20260306140517.0
008 260306t2007||||xx |||||||||||||| ||spa||
041 _aESP
082 _a117
_bS29
100 _aSchall, James V.
_eAUT
245 4 _aThe order of things
260 _c2007
300 _a275 páginas :
_c20 cm.
650 _aGEN
654 _aCHU
942 _cLIB
_dJUS
_fJUS
_2ddc
_n
999 _c435
_d435